000
00283nam a22001097a 4500
999
_c
165786
_d
165786
082
_a
_b
100
_a
Pashupatinath Upadhyaya
245
_a
Aapathkalothar hindi kavitha/
_c
byPashupatinath Upadhyaya.
260
_a
Mathura:
_b
Jawahar Pustakalaya,
_c
2008.
650
_a
942
_c
BK